书目信息 |
| 题名: |
建设工程技术与计量
|
|
| 作者: | 杨志生 主编 ;全国造价工程师考试培训教材编写委员会 编写 | |
| 分册: | 安装工程部分 | |
| 出版信息: | 北京 中国计划出版社 2003.04 |
|
| 页数: | 578页 | |
| 开本: | 26cm | |
| 丛书名: | 全国造价工程师职业资格考试培训教材 | |
| 单 册: | ||
| 中图分类: | TU74 | |
| 科图分类: | ||
| 主题词: | 建筑工程--jian zhu gong cheng--工程施工--考核 , 建筑安装工程--jian zhu an zhuang gong cheng--考核 | |
| 电子资源: | ||
| ISBN: | 7-80177-203-2 | |
| 000 | 01215cam 2200313 450 | |
| 001 | CAL 012003122763 | |
| 005 | 20060529101931.67 | |
| 010 | @a7-80177-203-2@dCNY 66.00 | |
| 099 | @aCAL 012003122763 | |
| 100 | @a20030714d2003 em y0chiy0121 ea | |
| 101 | 0 | @achi |
| 102 | @aCN@b110000 | |
| 200 | 1 | @a建设工程技术与计量@Ajian she gong cheng ji shu yu ji liang@i安装工程部分@f全国造价工程师考试培训教材编写委员会 |
| 205 | @a第3版 | |
| 210 | @a北京@c中国计划出版社@d2003.04 | |
| 215 | @a578页@c图@d26cm | |
| 225 | 2 | @a全国造价工程师职业资格考试培训教材 |
| 314 | @a主编杨志生 | |
| 330 | @a本书包括基础知识,施工技术基础知识,通用安装工程,管道工程,工业管道、静置设备及工艺金属结构安装工程,电气与仪表设备安装等六章内容。 | |
| 410 | 0 | @12001 @a全国造价工程师职业资格考试培训教材 |
| 517 | 0 | @a安装工程部分 |
| 606 | 0 | @a建筑工程@Ajian zhu gong cheng@x工程施工@x考核 |
| 606 | 0 | @a建筑安装工程@Ajian zhu an zhuang gong cheng@x考核 |
| 690 | @aTU74@v4 | |
| 701 | 0 | @a杨志生@4主编 |
| 712 | 02 | @a全国造价工程师考试培训教材编写委员会@AQuan guo zao jia gong cheng shi pei xun jiao cai bian xie wei yuan hui@4编写 |
| 801 | 0 | @aCN@bHST@c20060529 |
| 801 | 2 | @aCN@bSEU@c20060429 |
| 905 | @a10447@dTU74@eQ9321 | |
| 建设工程技术与计量.安装工程部分/全国造价工程师考试培训教材编写委员会.-第3版.-北京:中国计划出版社,2003.04 |
| 578页:图;26cm.-(全国造价工程师职业资格考试培训教材) |
| ISBN 7-80177-203-2:CNY 66.00 |
| 本书包括基础知识,施工技术基础知识,通用安装工程,管道工程,工业管道、静置设备及工艺金属结构安装工程,电气与仪表设备安装等六章内容。 |
| ● |
| 相关链接 |
|
|
|
正题名:建设工程技术与计量
索取号:TU74/Q9321
 
预约/预借
| 序号 | 登录号 | 条形码 | 馆藏地/架位号 | 状态 | 备注 |
| 1 | 602938 | 206029386 | 建筑库201/201建筑库 107排8列6层/ [索取号:TU74/Q9321] | 在馆 | |
| 2 | 602939 | 206029395 | 建筑库201/201建筑库 107排8列6层/ [索取号:TU74/Q9321] | 在馆 |